| 000 | 00550nam a2200205 i 4500 | ||
|---|---|---|---|
| 001 | bgj | ||
| 100 | 1 | _aHARDT, Ernst. | |
| 245 | 1 | 0 |
_aZwei Goethe-Essays : _bDramen des Mannes, Dramen des Alters / _cErnst Hardt. |
| 260 |
_aStuttgart : _bVerlag von Ernst Klett, _c1949. |
||
| 300 |
_a64 s. ; _c19 cm |
||
| 490 | 1 |
_aAnker Bücherei _vBd. 47 |
|
| 650 | 9 | _aLiteratura niemiecka | |
| 830 | _aAnker Bücherei | ||
| 040 | _cBPK | ||
| 041 | 0 | _ager | |
| 044 | _aDEU | ||
| 080 | _a821.112.2 | ||
| 942 | _cKS | ||
| 008 | s gw f |000 0 ger | ||
| 999 |
_c50601 _d50601 |
||
| 856 |
_uhttp://koha.tu.koszalin.pl/cgi-bin/koha/opac-detail.pl?biblionumber=50601 _yKatalog online BPK |
||